| 000 | 00793cab a2200277 4500 | ||
|---|---|---|---|
| 001 | ABS60482 | ||
| 008 | 090401t1999 xxu||||| |||| 00| 0 eng d | ||
| 035 | _a(Sirsi) u92958 | ||
| 041 | _aeng | ||
| 100 | _aFogleman, V. | ||
| 245 | _aNegligence in assessing contamination costs dear | ||
| 260 | _c1999 | ||
| 350 | _a0 | ||
| 490 |
_aEnvironment Information Bulletin _vApril 1999, 14-16(3) |
||
| 650 | _aCONTAMINATED LAND | ||
| 650 |
_aContamination _96231 |
||
| 650 | _aENGLISH ESTATES | ||
| 650 | _aNEGLIGENCE | ||
| 650 | _aNEGLIGENT ADVICE | ||
| 650 | _aRESIDENTIAL DEVELOPMENT | ||
| 650 | _aURBAN REGENERATION AGENCY V MOTT MACDONALD GROUP LTD | ||
| 650 | _aURBAN REGENERATION AGENCY | ||
| 690 | _aENVIRONMENTAL AND LAND CONSULTANCY | ||
| 942 | _n0 | ||
| 948 | _c26/04/1999 | ||
| 999 |
_c58913 _d58913 |
||